Porque viven siempre entre nosostros héroes y mártires de la insurrección
Na minha lista:
| Autor Corporativo: | |
|---|---|
| Formato: | Desconhecido |
| Publicado em: |
Managua, Nicaragua
Editorial Nueva Nicaragua
1982
|
| Colecção: | Colección tercer aniversario
|
| Assuntos: | |
| Tags: |
Adicionar Tag
Sem tags, seja o primeiro a adicionar uma tag!
|
MARC
| LEADER | 000000000a22000000004500 | ||
|---|---|---|---|
| 001 | 002223 | ||
| 041 | 0 | |a español | |
| 092 | 0 | |a 972.850.5 I-59p | |
| 110 | 2 | |a Instituto de Estudio del Sandinismo | |
| 245 | 1 | 0 | |a Porque viven siempre entre nosostros |b héroes y mártires de la insurrección |
| 260 | |a Managua, Nicaragua |b Editorial Nueva Nicaragua |c 1982 | ||
| 300 | |a 272 páginas | ||
| 440 | |a Colección tercer aniversario | ||
| 500 | |a Número de inscripción 1590 y 14749 | ||
| 650 | 4 | |a NICARAGUA | |
| 650 | 4 | |a HISTORIA | |
| 650 | 4 | |a REVOLUCION | |
| 999 | |c 3087 |d 3087 | ||
